000 00655 a2200169 4500
020 _a0136282075
040 _aDLC
082 0 0 _a005.8
100 1 _aGoncalves, Marcus.
245 1 0 _aProtecting your Web site with firewalls
_cMarcus Goncalves.
260 _aUpper Saddle River, N.J. :
_bPrentice Hall PTR,
_cc1997.
300 _axxviii, 290 p. :
_bill. ;
_c24 cm. +
_ecomputer laser optical disk (4 3/4 in.)
500 _aCD-ROM contains evaluation copy of WebTrend (web logging and reporting software for Windows NT Webservers).
650 0 _aComputer networks
_xSecurity measures.
650 0 _aWeb sites
_xSecurity measures.
942 _cBK
_k005.8 GON
_2ddc
999 _c6639
_d6639